Indovina il cantautore - Statistics

Statistiche generali
  • Questo quiz è stato fatto 171 volte
  • Il punteggio medio è 12 su 15
Statistiche sulle risposte
Hint Risposta % Corretto
Nel Blu Dipinto di Blu Domenico Modugno
94%
Albachiara Vasco Rossi
94%
La Guerra di Piero Fabrizio De Andrè
92%
Il Mio Canto Libero Lucio Battisti
92%
Notte Prima Degli Esami Antonello Venditti
91%
L'Emozione non ha Voce Adriano Celentano
85%
L'Anno che Verrà Lucio Dalla
85%
Se Telefonando Mina
84%
Centro di Gravità Permanente Franco Battiato
83%
Sei nell'Anima Gianna Nannini
83%
Ma il Cielo è Sempre Più Blu Rino Gaetano
80%
C'era Un Ragazzo Che Come Me Gianni Morandi
79%
Rimmel Francesco De Gregori
74%
Sono Solo Canzonette Edoardo Bennato
68%
L'Avvelenata Francesco Guccini
54%
Nessun quiz corrispondente trovato
Distribuzione punteggi
Percentuale di utenti per punteggio
Percentile per numero di risposta
I tuoi punteggi nel tempo
Non hai fatto questo quiz